| 000 | 00690nam a22002177a 4500 | ||
|---|---|---|---|
| 003 | UA-OsUOA | ||
| 001 | 67555 | ||
| 007 | ta | ||
| 008 | 20100303b un ||||| |||| 00| 0 ukr d | ||
| 090 |
_a347.97/99 _bН34 |
||
| 942 | _cBK | ||
| 040 |
_aUA-OsUOA _brus _cUA-OsUOA _dUA-OsUOA |
||
| 245 |
_aНаучный комментарий судебной практики за 1981 год _cБолдырева Е. В., Пергамент А. И. |
||
| 300 | _a229 с. | ||
| 955 | _a2 | ||
| 041 | _arus | ||
| 080 | _a347.97/99 | ||
| 260 |
_aМ. _bЮридическая литература _c1982 |
||
| 650 | 7 |
_a347 Цивільне право. Судовий устрій _2UDC |
|
| 999 |
_c353473 _d353473 |
||